Artistas musicales hispanos en el top 500 de Spotify - Estadísticas

Estadísticas generales
  • Esta prueba ha sido intentada 6.663 veces
    6.524 desde el último reinicio
  • La puntuación promedio es 32 de 80
Estadísticas de respuestas
Posición Oyentes Artista Cuna Canción % Correcto
22 64.834.356 Bad Bunny Puerto Rico «Tití me preguntó»
97%
25 62.367.167 Karol G Colombia «Bichota»
92%
103 36.686.228 Rosalía España «Con altura»
86%
23 62.818.243 Shakira Colombia «BZRP Music Sessions, Vol. 52»
85%
37 54.381.266 Daddy Yankee Puerto Rico «Dura»
81%
31 57.571.363 J Balvin Colombia «Mi gente»
81%
62 44.258.776 Maluma Colombia «Hawái»
79%
54 48.311.056 Rauw Alejandro Puerto Rico «Todo de ti»
78%
211 26.024.168 Quevedo España «Cayó la noche»
75%
151 31.022.572 Bizarrap Argentina Music Sessions
74%
50 49.390.349 Peso Pluma México «Ella baila sola»
73%
173 28.878.218 Becky G EE. UU. «Mayores»
72%
430 18.079.115 Duki Argentina «She don't give a fo»
72%
64 43.862.394 Feid Colombia «Feliz cumpleaños Ferxxo»
72%
333 21.317.405 Luis Fonsi Puerto Rico «Despacito»
72%
65 43.495.961 Camila Cabello Cuba «Havana»
70%
95 37.444.074 Manuel Turizo Colombia «La bachata»
69%
69 42.698.137 Ozuna Puerto Rico «Caramelo»
69%
195 26.850.331 Enrique Iglesias España «Bailando»
68%
66 43.481.419 Myke Towers Puerto Rico «Lala»
68%
275 23.096.896 Trueno Argentina «Real gangsta love»
68%
449 17.569.441 Emilia Argentina «La_Original.mp3»
64%
97 37.010.425 Don Omar Puerto Rico «Danza Kuduro»
63%
113 35.339.335 Farruko Puerto Rico «Pepas»
61%
294 22.642.754 Camilo Colombia «Vida de rico»
59%
229 25.361.387 Tini Argentina «La triple T»
57%
125 33.396.220 Anuel AA Puerto Rico «Secretos»
54%
293 22.646.575 Nicki Nicole Argentina «Colocao»
54%
401 19.040.240 Danny Ocean Venezuela «Me rehúso»
53%
166 29.557.362 Jhayco Puerto Rico «Dákiti»
49%
410 18.633.380 Mora Puerto Rico «La inocente»
49%
167 29.239.278 Nicky Jam EE. UU. «X»
48%
298 22.516.086 El Alfa República Dominicana «La mamá de la mamá»
47%
55 48.182.783 Pitbull EE. UU. «Give me everything»
46%
495 16.507.797 Eladio Carrión EE. UU. «Coco chanel»
45%
238 24.562.895 María Becerra Argentina «High»
45%
236 24.665.681 Arcángel EE. UU. «Me acostumbré»
40%
132 32.576.492 Grupo Frontera EE. UU. / México «Un x100to»
39%
256 23.673.358 Sebastián Yatra Colombia «Dos oruguitas»
37%
74 41.890.304 Cris MJ Chile «Si te vas»
35%
367 19.876.457 Tiago PZK Argentina «Los del espacio»
34%
423 18.309.756 Carlos Vives Colombia «Robarte un beso»
33%
110 35.473.798 FloyyMenor Chile «Gata only»
32%
307 22.218.031 Rels B España «A mí»
31%
407 18.751.148 Sech Panamá «Ignorantes»
30%
296 22.604.244 Young Miko Puerto Rico «Lisa»
30%
399 19.059.683 Jay Wheeler Puerto Rico «La curiosidad»
26%
314 22.095.529 Tainy Puerto Rico «Data»
26%
450 17.566.612 Luis Miguel Puerto Rico «Ahora te puedes marchar»
23%
343 20.773.461 Yandel Puerto Rico «Brickell»
22%
310 22.120.877 Kapo Colombia «Ohnana»
21%
496 16.506.481 Chayanne Puerto Rico «Bailando bachata»
19%
393 19.192.909 Julieta Venegas EE. UU. «Me voy»
19%
434 17.961.137 Lenny Tavárez Puerto Rico «Nena maldición»
18%
440 17.854.233 Juanes Colombia «Es por ti»
17%
328 21.581.366 Reik México «Ya me enteré»
17%
488 16.638.683 Justin Quiles EE. UU. «Si ella quisiera»
15%
469 17.263.189 Maná México «Oye mi amor»
15%
258 23.635.578 Natanael Cano México «Soy el diablo»
15%
436 17.892.007 Beéle Colombia «Loco»
14%
174 28.855.897 Chencho Corleone Puerto Rico «Un cigarillo»
14%
176 28.814.595 Fuerza Regida EE. UU. / México «Sabor fresa»
14%
329 21.533.723 Ovy On The Drums Colombia «Cairo»
13%
276 23.085.190 Christian Nodal México «No se contaron mal»
12%
481 16.814.538 Eslabón Armado EE. UU. / México «Ella baila sola»
12%
378 19.629.599 Wisin & Yandel Puerto Rico «Dime qué te pasó»
12%
347 20.588.570 Blessd Colombia «Mírame»
11%
337 20.970.891 Ryan Castro Colombia «Quema»
11%
444 17.753.368 Zion & Lennox Puerto Rico «Otra vez»
10%
394 19.140.129 De La Ghetto EE. UU. «Tú te imaginas»
9%
411 18.611.196 Los Ángeles Azules México «Cómo te voy a olvidar»
9%
381 19.584.604 Grupo Firme México «El amor de su vida»
7%
146 31.273.466 Carín León México «Tú»
6%
235 24.768.312 Junior H México «Ella»
6%
428 18.166.449 Banda MS de Sergio Lizárraga México «El color de tus ojos»
5%
429 18.111.346 Netón Vega México «Si no quieres no»
5%
491 16.572.728 Tito Double P México «Los cuadros»
5%
463 17.383.969 Chino Pacas México «Qué onda»
4%
392 19.198.740 Óscar Maydon México «Volver al futuro»
4%
376 19.723.083 Gabito Ballesteros México «Pienso en ella»
3%
No se encontraron pruebas coincidentes
Distribución de puntuación
Porcentaje de gente con cada puntuación
Porcentaje por número respondido
Historial de tus puntuaciones
No has intentado esta prueba desde el último reinicio